| 000 | 01955 a2200229 4500 | ||
|---|---|---|---|
| 003 | UA-OsUOA | ||
| 005 | 20251210151606.0 | ||
| 008 | 251205b un ||||| |||| 00| 0 ukr d | ||
| 020 | _a9786178287573 | ||
| 040 |
_bukr _cUA-OsUOA |
||
| 080 | _a821.161.2(71) | ||
| 090 |
_a821.161.2(71) _bМ86 |
||
| 100 |
_aМохамед П. _922944 |
||
| 245 |
_aУбивця лісу _cПрімі Мохамед ; пер. з англ. Мії Марченко |
||
| 260 |
_aХарків _bЖорж _c2025 |
||
| 300 | _a144 с. | ||
| 520 | _aНа півночі країни, яку захопив жорстокий правитель Тиран, лежать прокляті ліси. Місцеві добре знають, що заходити туди не можна, бо вороття не буде. У цих хащах панує стародавня могутня магія. Веріс Торн — єдина, кому вдалося зайти в Північні ліси й повернутися. І тепер вона мусить зробити це знову, щоб знайти дітей Тирана, інакше він знищить її близьких і спопелить усе селище. Чи вдасться їй цього разу оминути всі пастки, перехитрити древніх лісових монстрів і втекти від привидів власного минулого? Веріс має лише один день, щоб здійснити неможливе й врятувати тих, кого вона любить, і тих, кого б мала ненавидіти… | ||
| 650 |
_a821 Художня література окремими мовами і мовними сім'ями _917 |
||
| 942 |
_cBK _2udc |
||
| 955 | _a3 | ||
| 999 |
_c579564 _d579564 |
||